000
00209 a2200097 4500
001
47144
100
_a
Blond G
245
_a
Ordeal Below Zero
260
_a
London
_b
Souvenirs Press
_c
090
_c
30201
_d
30201
942
_a
NUST-CAE
_c
M
_c
22450
999
_c
282217
_d
282217